LEADER 01066nam a2200277 i 4500 001 000000158701 003 CaOOAMICUS 005 20070212000000.0 008 070212s1981 it u000 u ita u 013 $a136064 040 $aSeMil$bita 100 1 $aMaggiolini, Alessandro .$0(OLS)http://semarc/name/7299 245 10$aPedagogia del dolore /$cSandro Maggiolini. 260 $aMilano :$bRusconi,$c1981. 300 $a179 p. ;$c19 cm. 490 0 $aProblemi attuali 500 $aContiene : Nota bibliografica. - Fondo Card. Giovanni Colombo. 650 4$aSofferenza.$0(OLS)http://semarc/subject/6395 650 4$aApologia.$0(OLS)http://semarc/subject/13043 830 0$aProblemi attuali.$0(OLS)http://semarc/title/7307 850 $aSeMil 852 $aSeMil$W1$xVenegono$y1$m1D II 184$j110306$B110306$CSeMilBibl$Z2$F119970 $81 941 1 $a3 961 $aLascito: Colombo Card. Giovanni 996 $6245$aPedagogia del dolore$9(OLS)http://semarc/title/140290 996 $6260$aMilano :$bRusconi$9(OLS)http://semarc/publisher/30258 LEADER 00948nam a2200217 i 4500 001 000000065604 003 CaOOAMICUS 005 20131106000000.0 008 131106s1945 it u000 u ita u 013 $a36776 040 $aSeMil$bita 100 1 $aWalz, Angelus .$0(OLS)http://semarc/name/32973 245 10$aSan Tommaso d'Aquino :$bstudi biografici sul Dottore Angelico /$cP. Angelo Walz O. P. 260 $aRoma :$bEdizioni Liturgiche,$cstampa 1945. 300 $aX, 238 p., [4] p. di tav. di cui una ripieg. ;$c23 cm. 500 $aContiene : Appendice. 600 04$aTommaso : d'Aquino .$0(OLS)http://semarc/subject/115 850 $aSeMil 852 $aSeMil$W1$xVenegono$y1$m2N I 142$j31757$B31757$CSeMilBibl$Z2$F31760 $81 996 $6245$aSan Tommaso d'Aquino :$bstudi biografici sul Dottore Angelico$9(OLS)http://semarc/title/104144 996 $6260$aRoma :$bEdizioni Liturgiche$9(OLS)http://semarc/publisher/33221